Eastern Utah Libraries Catalog: Duchesne, Heber, Roosevelt, & Vernal

Theodore Boone : (Record no. 84312)

MARC details
000 -LEADER
fixed length control field 03274cam a2200601Ia 4500
001 - CONTROL NUMBER
control field 1638962
005 - DATE AND TIME OF LATEST TRANSACTION
control field 20241220132339.0
008 - FIXED-LENGTH DATA ELEMENTS--GENERAL INFORMATION
fixed length control field 110614s2012 nyu 000 1 eng d
020 ## - INTERNATIONAL STANDARD BOOK NUMBER
International Standard Book Number 9780525425762 :
Terms of availability $16.99
020 ## - INTERNATIONAL STANDARD BOOK NUMBER
International Standard Book Number 0525425764
035 ## - SYSTEM CONTROL NUMBER
System control number (OCoLC)ocn731911837
035 ## - SYSTEM CONTROL NUMBER
System control number 1523076
040 ## - CATALOGING SOURCE
Original cataloging agency BTCTA
Language of cataloging eng
Transcribing agency BTCTA
Modifying agency BDX
-- WIQ
-- CXP
Description conventions rda
092 ## - LOCALLY ASSIGNED DEWEY CALL NUMBER (OCLC)
Classification number F
999 ## - SYSTEM CONTROL NUMBERS (KOHA)
Koha Dewey Subclass [OBSOLETE] F
100 1# - MAIN ENTRY--PERSONAL NAME
Personal name Grisham, John.
9 (RLIN) 6401977
245 10 - TITLE STATEMENT
Title Theodore Boone :
Remainder of title the accused /
Statement of responsibility, etc John Grisham.
246 30 - VARYING FORM OF TITLE
Title proper/short title Accused
260 ## - PUBLICATION, DISTRIBUTION, ETC. (IMPRINT)
Place of publication, distribution, etc New York :
Name of publisher, distributor, etc Dutton Childrens Books
Date of publication, distribution, etc c2012.
264 ## - Production, Publication, Distribution, Manufacture, and Copyright Notice.
Place of production, publication, distribution, manufacture New York :
Name of producer, publisher, distributor, manufacturer Dutton Childrens Books,
Date of production, publication, distribution, manufacture, or copyr c2012.
300 ## - PHYSICAL DESCRIPTION
Extent 271, 6 p. ;
Dimensions 22 cm.
336 ## - Content Type
Content type term text
337 ## - Media type
Media type term unmediated
338 ## - Carrier type
Carrier type term volume
500 ## - GENERAL NOTE
General note Includes an excerpt from: Theodore Boone, kid lawyer.
520 ## - SUMMARY, ETC.
Summary, etc Big trouble is brewing for Theodore Boone. While all of Strattenburg anxiously awaits the new trial of infamous murder suspect Pete Duffy, problems arise for their own kid lawyer. There's been a robbery and Theo is the accused. His reputation is on the line, and with the evidence building against him and dangerous threats looming, Theo will do whatever it takes to prove his innocence even if it means breaking a few rules.
650 #0 - SUBJECT ADDED ENTRY--TOPICAL TERM
Topical term or geographic name as entry element Boone, Theodore (Fictitious character)
Form subdivision Fiction.
9 (RLIN) 6401978
650 #0 - SUBJECT ADDED ENTRY--TOPICAL TERM
Topical term or geographic name as entry element Robbery
Form subdivision Fiction.
9 (RLIN) 5748787
650 #0 - SUBJECT ADDED ENTRY--TOPICAL TERM
Topical term or geographic name as entry element Malicious accusation
Form subdivision Fiction.
9 (RLIN) 5686594
650 #0 - SUBJECT ADDED ENTRY--TOPICAL TERM
Topical term or geographic name as entry element Detective and mystery stories.
9 (RLIN) 6401979
650 #0 - SUBJECT ADDED ENTRY--TOPICAL TERM
Topical term or geographic name as entry element Legal stories.
9 (RLIN) 6401980
650 #0 - SUBJECT ADDED ENTRY--TOPICAL TERM
Topical term or geographic name as entry element Courts
Form subdivision Fiction.
9 (RLIN) 5738612
942 ## - ADDED ENTRY ELEMENTS (KOHA)
Source of classification or shelving scheme Dewey Decimal Classification
Koha item type BOOK
948 ## - LOCAL PROCESSING INFORMATION (OCLC); SERIES PART DESIGNATOR (RLIN)
Series part designator, SPT (RLIN) BHI
b (OCLC) CHILDREN'S
p (OCLC) X104567029
k (OCLC) J
h (OCLC) F
f (OCLC) 1
r (OCLC) 2
g (OCLC) 1
7 (OCLC) 0
u (OCLC) 3
w (OCLC) 11
s (OCLC) 0
o (OCLC) BHI
0 (OCLC) $16.99
y (OCLC) 99
j (OCLC) Dewey Decimal
n (OCLC) On-Order
e (OCLC) 331626-1
9 (OCLC) Item generated Jun 20 2012 7:53AM
948 ## - LOCAL PROCESSING INFORMATION (OCLC); SERIES PART DESIGNATOR (RLIN)
Series part designator, SPT (RLIN) BPW
b (OCLC) CHILDREN'S
p (OCLC) X106727922
h (OCLC) F
f (OCLC) 1
r (OCLC) 2
g (OCLC) 1
7 (OCLC) 0
u (OCLC) 3
w (OCLC) 11
s (OCLC) 0
o (OCLC) BPW
0 (OCLC) $16.99
y (OCLC) 99
j (OCLC) Dewey Decimal
n (OCLC) On-Order
e (OCLC) 405063-1
9 (OCLC) Item generated Jan 18 2013 9:21AM
948 ## - LOCAL PROCESSING INFORMATION (OCLC); SERIES PART DESIGNATOR (RLIN)
Series part designator, SPT (RLIN) BRF
b (OCLC) CHILDREN'S
p (OCLC) X106819302
k (OCLC) J
h (OCLC) F
f (OCLC) 1
r (OCLC) 2
g (OCLC) 1
7 (OCLC) 0
u (OCLC) 3
w (OCLC) 11
s (OCLC) 0
o (OCLC) BRF
0 (OCLC) $16.99
y (OCLC) 99
j (OCLC) Dewey Decimal
n (OCLC) On-Order
e (OCLC) 410721-1
9 (OCLC) Item generated Feb 6 2013 8:19AM
Holdings
Withdrawn status Lost status Source of classification or shelving scheme Damaged status Not for loan Collection code Home library Current library Shelving location Date acquired Source of acquisition Serial Enumeration / chronology Total Checkouts Total Renewals Full call number Barcode Date last seen Date checked out Cost, replacement price Price effective from Koha item type
    Dewey Decimal Classification     Junior Fiction Wasatch County Library Wasatch County Library Main Floor Junior Area 01/21/2021 Micromarketing #3 7 7 J Grisham 34301001667551 07/15/2025 06/25/2025 16.99 01/21/2021 BOOK
This project was made possible through a grant from the Institute of Museum and Library Service administered by the Utah State Library Division.

Wasatch County Library

  • 465 East 1200 South, Heber City, Utah 84032
  • Phone 435-654-1511 | Fax 435-654-6456

Hours

  • Monday - Friday 9:30 AM - 8:00 PM
  • Saturday 9:30 AM - 1:30 PM
  • Closed Sundays and Holidays